000 00415nam a2200205Ia 4500
001 13472
003 GE_BSU
008 181216s||||||||xx |||||||||||||| ||und||
020 _a0582057868
040 _cGE_BSU
080 _a316
100 _aHarris,Stephen R.
245 _aSociology
260 _aLondon
260 _bLongman
260 _c1991
300 _a188p.30cm.
653 _aSociology
942 _cBK
999 _c46632
_d46632